Smash Bros. Characters by Picture Including Alternates - Statistics

General Stats
  • This quiz has been taken 12 times
  • The average score is 83 of 101
Answer Stats
Picture Answer % Correct
Bowser
100%
Captain Falcon
100%
Donkey Kong
100%
Dr. Mario
100%
Kirby
100%
Link
100%
Luigi
100%
Mario
100%
Peach
100%
Pichu
100%
Pikachu
100%
Yoshi
100%
Bowser Jr.
92%
Charizard
92%
Daisy
92%
Dark Samus
92%
Diddy Kong
92%
Duck Hunt
92%
Inkling
92%
Ivysaur
92%
Jigglypuff
92%
Mega Man
92%
Mewtwo
92%
Pac-Man
92%
Pokemon Trainer
92%
R. O. B.
92%
Rosalina & Luma
92%
Samus
92%
Snake
92%
Sonic
92%
Squirtle
92%
Villager
92%
Wario
92%
Wii Fit Trainer
92%
Zelda
92%
Alex
83%
Banjo & Kazooie
83%
Bayonetta
83%
Dark Pit
83%
Enderman
83%
Falco
83%
Greninja
83%
Isabelle
83%
King K. Rool
83%
Little Mac
83%
Lucario
83%
Mii Swordfighter
83%
Morton
83%
Mr. Game and Watch
83%
Ness
83%
Olimar
83%
Pit
83%
Sheik
83%
Steve
83%
Wendy
83%
Zombie
83%
Alph
75%
Chrom
75%
Cloud
75%
Corrin
75%
Fox
75%
Ganondorf
75%
Ice Climbers
75%
Ike
75%
Ken
75%
King Dedede
75%
Lucas
75%
Lucina
75%
Marth
75%
Meta Knight
75%
Mii Brawler
75%
Mii Gunner
75%
Palutena
75%
Piranha Plant
75%
Ridley
75%
Robin
75%
Roy
75%
Roy (from Mario)
75%
Ryu
75%
Shulk
75%
Simon
75%
Toon Link
75%
Wolf
75%
Young Link
75%
Zero Suit Samus
75%
Byleth
67%
Hero
67%
Iggy
67%
Incineroar
67%
Joker
67%
Kazuya
67%
Lemmy
67%
Ludwig
67%
Min Min
67%
Mythra
67%
Pyra
67%
Richter
67%
Sephiroth
67%
Sora
67%
Terry
67%
Larry
58%
No matching quizzes found
Score Distribution
Percent of People with Each Score
Percentile by Number Answered
Your Score History
You have not taken this quiz